The merrill guide to Robert Frost
Guardado en:
| Hovedforfatter: | |
|---|---|
| Format: | Bog |
| Sprog: | Undetermined |
| Udgivet: |
Ohio, Estados Unidos
Charles E. Merrill
1969
|
| Fag: | |
| Tags: |
Tilføj Tag
Ingen Tags, Vær først til at tagge denne postø!
|
MARC
| LEADER | 00000nam a2200000Ia 4500 | ||
|---|---|---|---|
| 008 | 170316s9999 xx 000 0 und d | ||
| 040 | |a cru BVZT | ||
| 090 | |a C-810 G-1m | ||
| 100 | |a Greiner, Donald J. | ||
| 245 | 4 | |a The merrill guide to Robert Frost | |
| 260 | |a Ohio, Estados Unidos | ||
| 260 | |b Charles E. Merrill | ||
| 260 | |c 1969 | ||
| 300 | |a 42 páginas | ||
| 650 | |a LITERATURA ESTADOUNIDENSE | ||
| 650 | |a CRÍTICA | ||
| 942 | |c 15 D | ||
| 999 | |c 12846 |d 12846 | ||
